My Daniel

Bibliographic Details
Main Author: Conrad, Pam
Format: Book
Published: Oxford : University Press , 1991
Subjects:

MARC

LEADER 00000cam a2200000 7i4500
001 0000001865
002 000002028
005 20000330.0
020 |a 0192716484 
090 0 0 |a JF   |b CON 
100 1 |a Conrad, Pam 
245 1 0 |a My Daniel   |c Pam Conrad 
260 |a Oxford :   |b University Press ,   |c 1991 
300 |a 137p. ;   |c 21cm. 
650 0 0 |a Children's stories 
999 |a 034960   |b BUKU   |c PINJAMAN   |e PERPUSTAKAAN KOMUNITI PETALING JAYA